[Event "ch-USA 2014"]
[Site "Saint Louis USA"]
[Date "2014.05.08"]
[Round "1.6"]
[White "Friedel, J."]
[Black "Lenderman, A."]
[Result "0-1"]
[WhiteElo "2505"]
[BlackElo "2582"]
[PlyCount "116"]
[EventDate "2014.05.08"]

1. c4 e5 2. g3 Nc6 3. Bg2 g6 4. Nc3 Bg7 5. e3 d6 6. Nge2 Nf6 7. O-O O-O 8. d3
Be6 9. Nd5 Qd7 10. Nec3 Ne8 11. Qa4 Bh3 12. Bd2 Bxg2 13. Kxg2 f5 14. Rae1 Rf7
15. f4 exf4 16. gxf4 Nf6 17. Nxf6+ Bxf6 18. Nd5 Bg7 19. Qb3 Nd8 20. Bc3 c6 21.
Bxg7 cxd5 22. Bc3 dxc4 23. Qxc4 Qc6+ 24. Qxc6 Nxc6 25. h4 h5 26. e4 Rd8 27. Rf3
Kh7 28. a4 a6 29. Kg3 Ne7 30. Rff1 Kg8 31. Rc1 Rd7 32. Rfe1 Rf8 33. Kf3 Kf7 34.
Re2 Rc8 35. Rd1 Rc6 36. Rde1 fxe4+ 37. dxe4 Rc4 38. Rd2 d5 39. a5 dxe4+ 40. Ke2
Rxd2+ 41. Kxd2 Nf5 42. b3 e3+ 43. Rxe3 Nxe3 44. bxc4 Nf5 45. Kd3 Nxh4 46. Ke4
Ke6 47. Bd4 Nf5 48. Bg1 Ne7 49. Bf2 Nc6 50. Be1 Kd6 51. Ke3 Ke7 52. Ke4 Ke6 53.
Bc3 h4 54. Ke3 Kf5 55. Kf3 h3 56. Kg3 h2 57. Kxh2 Kxf4 58. Kh3 Ke4 0-1

[Event "ch-USA 2014"]
[Site "Saint Louis USA"]
[Date "2014.05.09"]
[Round "2.6"]
[White "Naroditsky, D."]
[Black "Friedel, J."]
[Result "1/2-1/2"]
[WhiteElo "2543"]
[BlackElo "2505"]
[PlyCount "113"]
[EventDate "2014.05.08"]

1. d4 Nf6 2. c4 e6 3. g3 d5 4. Nf3 Bb4+ 5. Bd2 Bd6 6. Bg2 c6 7. Qc2 Nbd7 8. O-O
O-O 9. Bg5 h6 10. Bxf6 Nxf6 11. Nbd2 b6 12. e4 Be7 13. e5 Nd7 14. cxd5 cxd5 15.
Rfc1 a5 16. Bf1 Nb8 17. Bd3 Bd7 18. Qd1 Nc6 19. Qe2 Qb8 20. Nb1 b5 21. Nbd2 Qb6
22. Qe3 a4 23. Bb1 a3 24. b4 Nxb4 25. Nb3 Rfc8 26. Nc5 Be8 27. Nd2 Nc6 28. Ndb3
b4 29. Bd3 Na5 30. Be2 Nxb3 31. Nxb3 Bb5 32. h4 Qa6 33. Bxb5 Qxb5 34. Kg2 h5
35. Rab1 g6 36. Kf3 Bf8 37. g4 hxg4+ 38. Kxg4 Rc3 39. Rxc3 bxc3 40. h5 c2 41.
Rh1 Rc8 42. Qf3 Qe8 43. Qh3 Bh6 44. f4 Bg7 45. hxg6 fxg6 46. Nc5 Qf7 47. Kf3 g5
48. Ke2 gxf4 49. Qh7+ Kf8 50. Qxc2 f3+ 51. Kf2 Rb8 52. Rb1 Rxb1 53. Qxb1 Kg8
54. Qb8+ Kh7 55. Qb1+ Kg8 56. Qb8+ Kh7 57. Qb1+ 1/2-1/2

[Event "ch-USA 2014"]
[Site "Saint Louis USA"]
[Date "2014.05.10"]
[Round "3.2"]
[White "Ramirez, Alej"]
[Black "Lenderman, A."]
[Result "0-1"]
[WhiteElo "2595"]
[BlackElo "2582"]
[PlyCount "124"]
[EventDate "2014.05.08"]

1. e4 e6 2. d4 d5 3. Nd2 c5 4. exd5 Qxd5 5. Ngf3 cxd4 6. Bc4 Qd6 7. O-O Nf6 8.
Nb3 Nc6 9. Nbxd4 Nxd4 10. Nxd4 a6 11. Re1 Qc7 12. Qe2 Bc5 13. c3 h6 14. Nf5 Kf8
15. Ng3 h5 16. Ne4 Ng4 17. g3 Ba7 18. Bf4 e5 19. Bg5 Bf5 20. Rf1 f6 21. Bd2 Rd8
22. Rad1 Qc6 23. Be3 Rxd1 24. Qxd1 Nxe3 25. Qd8+ Qe8 26. Qxe8+ Kxe8 27. Nd6+
Kd7 28. fxe3 Bh3 29. Nf5 Bxf1 30. Kxf1 h4 31. Kg2 hxg3 32. hxg3 g6 33. Nh4 Rh6
34. e4 Ke7 35. Bd5 b6 36. Bb7 a5 37. a4 Bb8 38. b4 Bd6 39. bxa5 bxa5 40. Bd5
Bc5 41. Kf3 Kf8 42. Bc6 Kf7 43. Bd5+ Kg7 44. Ke2 Rh8 45. Bc6 Bb6 46. Bb5 Rc8
47. c4 Rd8 48. Nf3 Bc5 49. g4 g5 50. Bc6 Rh8 51. Bd5 Rh3 52. Ne1 Rh2+ 53. Kd1
Kf8 54. Nd3 Be3 55. Ke1 Ke7 56. c5 Rd2 57. Bc4 Rc2 58. Ba6 Bxc5 59. Kd1 Rc3 60.
Nb2 Bb4 61. Nc4 Rg3 62. Bc8 Rd3+ 0-1

[Event "ch-USA 2014"]
[Site "Saint Louis USA"]
[Date "2014.05.11"]
[Round "4.6"]
[White "Naroditsky, D."]
[Black "Ramirez, Alej"]
[Result "1/2-1/2"]
[WhiteElo "2543"]
[BlackElo "2595"]
[PlyCount "73"]
[EventDate "2014.05.08"]

1. e4 e6 2. d4 d5 3. Nd2 c5 4. Ngf3 cxd4 5. Nxd4 Nf6 6. exd5 Qxd5 7. Nb5 Na6 8.
Nc3 Qd8 9. a3 Be7 10. Qf3 Nc5 11. b4 Ncd7 12. Nc4 Nb6 13. Nxb6 axb6 14. Bb2 O-O
15. Bd3 Qc7 16. O-O Bd7 17. Ne4 Nxe4 18. Qxe4 f5 19. Qc4 Rfc8 20. Qb3 Kh8 21.
Rad1 Bd6 22. h3 e5 23. Rfe1 Re8 24. Bc4 Ba4 25. Qd3 Rad8 26. Qe2 e4 27. Bb5
Bxb5 28. Qxb5 Qxc2 29. Rxd6 Qxb2 30. Rxd8 Rxd8 31. Qxf5 Qxa3 32. Qxe4 h6 33. h4
Qc3 34. h5 Qc6 35. Qe7 Qd6 36. Qxd6 Rxd6 37. Re7 1/2-1/2

[Event "ch-USA 2014"]
[Site "Saint Louis USA"]
[Date "2014.05.12"]
[Round "5.1"]
[White "Erenburg, S."]
[Black "Lenderman, A."]
[Result "1/2-1/2"]
[WhiteElo "2633"]
[BlackElo "2582"]
[PlyCount "115"]
[EventDate "2014.05.08"]

1. e4 c5 2. Nf3 d6 3. d4 cxd4 4. Nxd4 Nf6 5. Nc3 Nc6 6. Bg5 e6 7. Qd2 Be7 8.
O-O-O Nxd4 9. Qxd4 O-O 10. f4 Qa5 11. Bc4 Bd7 12. e5 dxe5 13. fxe5 Bc6 14. Bd2
Bc5 15. Qh4 Nd7 16. Rhe1 Qb6 17. Bd3 g6 18. Na4 Bxa4 19. Qxa4 Bd4 20. c3 Nc5
21. Qc2 Qc7 22. Bf4 Nxd3+ 23. Qxd3 Bf2 24. Rf1 Rfd8 25. Qe4 Bc5 26. g4 b5 27.
h4 Be7 28. h5 Rxd1+ 29. Rxd1 Rd8 30. Rxd8+ Qxd8 31. Kc2 Bf8 32. Be3 a6 33. a4
Qh4 34. hxg6 hxg6 35. axb5 axb5 36. Bd4 Qd8 37. Kd3 Qa5 38. Be3 Qa1 39. Kc2 Qf1
40. Bg5 Qf2+ 41. Kb3 Qf1 42. Qd4 Qa1 43. Kc2 Qf1 44. Bf6 Qg2+ 45. Kb3 Qa8 46.
g5 Qa1 47. Kc2 Qh1 48. Qd3 Qc6 49. Qe2 b4 50. Kb3 bxc3 51. bxc3 Qb7+ 52. Kc2
Qa8 53. Kb3 Qa3+ 54. Kc2 Qa2+ 55. Kd3 Qd5+ 56. Kc2 Qa2+ 57. Kd3 Qd5+ 58. Kc2
1/2-1/2

[Event "ch-USA 2014"]
[Site "Saint Louis USA"]
[Date "2014.05.12"]
[Round "5.6"]
[White "Ramirez, Alej"]
[Black "Molner, M."]
[Result "1-0"]
[WhiteElo "2595"]
[BlackElo "2522"]
[PlyCount "92"]
[EventDate "2014.05.08"]

1. Nf3 c5 2. c4 Nf6 3. Nc3 d5 4. cxd5 Nxd5 5. g3 Nc6 6. Bg2 Nc7 7. d3 e5 8. O-O
Be7 9. Nd2 O-O 10. Bxc6 bxc6 11. Nc4 Bh3 12. Nxe5 Bf6 13. Nxc6 Qd7 14. Na5 Bxf1
15. Qxf1 Rab8 16. Nd1 Rfe8 17. Nc4 Nd5 18. Be3 Nxe3 19. fxe3 Re6 20. Rc1 Ra6
21. a3 h5 22. Qf4 Re8 23. Nf2 h4 24. Ne4 Rc6 25. g4 Bd8 26. Ne5 Rxe5 27. Qxe5
Qxg4+ 28. Kf2 Re6 29. Qf4 Qh3 30. Rxc5 Be7 31. Qb8+ Kh7 32. Rh5+ Rh6 33. Rxh6+
Kxh6 34. Qf4+ Kg6 35. Ke1 f5 36. Nd2 Bg5 37. Qd6+ Kh5 38. Nf3 Bxe3 39. Qe7 Bh6
40. Qxa7 Qg4 41. b4 Qf4 42. Qf7+ Kg4 43. Qc4 Kh3 44. a4 Qg4 45. Qc5 Bf4 46. Qf2
Bg3 1-0

[Event "ch-USA 2014"]
[Site "Saint Louis USA"]
[Date "2014.05.13"]
[Round "6.5"]
[White "Naroditsky, D."]
[Black "Erenburg, S."]
[Result "1/2-1/2"]
[WhiteElo "2543"]
[BlackElo "2633"]
[PlyCount "61"]
[EventDate "2014.05.08"]

1. e4 c6 2. d4 d5 3. Nd2 dxe4 4. Nxe4 Bf5 5. Ng3 Bg6 6. h4 h6 7. Nf3 Nd7 8. h5
Bh7 9. Bd3 Bxd3 10. Qxd3 e6 11. Bd2 Ngf6 12. O-O-O Be7 13. Ne4 Nxe4 14. Qxe4
Nf6 15. Qe2 Qd5 16. c4 Qe4 17. Qxe4 Nxe4 18. Be3 f5 19. Rhe1 O-O 20. Re2 Bd6
21. Kc2 Rac8 22. Nh4 Rfe8 23. Ng6 Nf6 24. Bf4 Bf8 25. Be5 Nxh5 26. Rh1 Nf6 27.
Bxf6 gxf6 28. Nxf8 Kxf8 29. Rxh6 Kg7 30. Rh3 Rcd8 31. Rd3 1/2-1/2

[Event "ch-USA 2014"]
[Site "Saint Louis USA"]
[Date "2014.05.17"]
[Round "9.2"]
[White "Lenderman, Aleksandr"]
[Black "Naroditsky, Daniel"]
[Result "1-0"]
[WhiteElo "2582"]
[BlackElo "2543"]
[PlyCount "101"]
[EventDate "2014.05.08"]

1. c4 Nf6 2. Nc3 g6 3. e4 d6 4. d4 Bg7 5. Nf3 O-O 6. Be2 e5 7. O-O exd4 8. Nxd4
Re8 9. f3 Nc6 10. Be3 Nh5 11. Nxc6 bxc6 12. Qd2 f5 13. Rad1 Qe7 14. Rfe1 Nf6
15. Bd3 fxe4 16. Nxe4 Bf5 17. Nf2 Bxd3 18. Nxd3 Qf7 19. b3 a5 20. Qc2 Nd7 21.
Bf2 Qf5 22. Re2 Rxe2 23. Qxe2 Ne5 24. Nxe5 Qxe5 25. Qc2 a4 26. bxa4 Qb2 27. Qe4
Qxa2 28. Qxc6 Qxa4 29. Qd5+ Kf8 30. Rf1 Re8 31. c5 Qa8 32. Qc4 Qc6 33. Rd1 Bf6
34. Qf4 Kg7 35. cxd6 Be5 36. Qd2 Qxd6 37. Qc2 Qf6 38. Re1 Re7 39. Re4 Kg8 40.
Qa2+ Qf7 41. Qa8+ Kg7 42. Bc5 Re8 43. Qc6 Re6 44. Qd5 c6 45. Qb3 g5 46. g3 Kf6
47. Qd3 Ba1 48. Ra4 Be5 49. Ra7 Qe8 50. Qxh7 Bb2 51. Qg7+ 1-0